| 000 | 00363pab a2200145 454500 | ||
|---|---|---|---|
| 008 | 180718b2004 xxu||||| |||| 00| 0 eng d | ||
| 100 | _aPradeep Kumar | ||
| 245 | _aFreight transport policy: lessons from European experience | ||
| 260 | _c2004 | ||
| 300 | _ap.81-96. | ||
| 362 | _aDec | ||
| 650 | _aTransport policy | ||
| 773 | _aAdministrator | ||
| 909 | _a68519 | ||
| 999 |
_c68519 _d68519 |
||